000 01158cam a22003131i 4500
003 SA-RiAUC
005 20250704153712.0
008 250702s1993 su g 00000 ara c
020 _a9960749002
040 _aSA-RiAUC
_bara
_cSA-RiAUC
_erda
050 4 _b.A28 1993
082 0 4 _a212.3
_qSA-RiAUC
090 _a212.3
_bا ب و ز
100 1 _aأبو زيد، بكر بن عبد الله،
_d1365-1429 هجري
_eمؤلف.
245 1 0 _aتصنيف الناس بين الظن واليقين /
_cبكر بن عبد الله أبو زيد.
250 _aالطبعة الأولى.
264 1 _aالرياض :
_bدار العاصمة،
_c1993
300 _a97 صفحة ؛
_c19 سم
336 _aنص
_btxt
_2rdacontent
_3كتاب
337 _aبدون وسيط
_bn
_2rdamedia
338 _aمجلد
_bnc
_2rdacarrier
650 7 _aالوعظ والإرشاد
_2aucsh
650 7 _aالحديث
_xرواية
_2aucsh
650 7 _aالأخلاق الإسلامية
_2aucsh
650 7 _aالشك واليقين
_2aucsh
650 7 _aالآداب الإسلامية
_2aucsh
942 _2ddc
_cBOOK
_n0
949 _aSA-JeALM
_d250702
_uosman123
_n1
999 _c9457
_d9457